000 00415nam a2200145Ia 4500
008 231129s2007||||xx |||||||||||||| ||spa||
020 _a978-85-60148-02-8
040 _bspa
082 _a291 P766e
100 _aPolidoro Osvaldo
245 0 _aEvangelio eterno y oraciones prodigiosas
260 _c2007
264 _aSao Bernardo do Campo (Brasil) ; Assahi
942 _2ddc
_cBKS
999 _c13755
_d13755